History Quiz

Random History or Politics Quiz
Score 0/32 Timer 08:00
2 Plays Today
% Correct
Can
96.2%
Kennedy
91.8%
Palin
90.1%
Ike
87.5%
Heart
84.2%
Lincoln
82.6%
Ross
77.5%
First
76.5%
Words
74.4%
Gore
73.6%
Time
72.8%
Way
66.1%
Quayle
55.8%
Vote
55.5%
Adlai
55.4%
Ryan
52.4%
% Correct
Used
50.7%
Want
45.4%
Mondale
43.7%
Peanuts
41%
Nuts
40.9%
New York
38.3%
Socialist
36.9%
President
35.9%
Lose
31.4%
Square
28.7%
Anybody
27.7%
1980
27.1%
America
26%
Carry
21.5%
Truman
20.4%
LBJ
12.2%
Remove Ads.
Support Sporcle.
Get the best of Sporcle when you Go Orange. This ad-free experience offers more features, more stats, and more fun while also helping to support Sporcle. Thank you for becoming a member.

You're not logged in!

Compare scores with friends on all Sporcle quizzes.
OR
Log In

Sporcle TV

Today on Sporcle TV


Watch our educational content, quiz creation guides, and fun videos on Sporcle TV.

Show Comments

Extras

Top Quizzes Today


Score Distribution

Paid Content

Your Account Isn't Verified!

In order to create a playlist on Sporcle, you need to verify the email address you used during registration. Go to your Sporcle Settings to finish the process.

Report this User

Report this user for behavior that violates our Community Guidelines.

Details: